[Event "Barbera del Valles"]
[Site "XXX Open"]
[Date "2007.07.09"]
[Round "4"]
[White "Rojas Keim, Luis"]
[Black "Casanellas Ruano, Lluis"]
[Result "1-0"]
[WhiteElo "2385"]
[BlackElo "2091"]
[PlyCount "67"]
[EventDate "2007.07.??"]
[EventType "swiss"]
[EventRounds "9"]
[EventCountry "ESP"]

1. e4 c5 2. Nf3 d6 3. d4 cxd4 4. Nxd4 Nf6 5. Nc3 a6 6. Bc4 e6 7. Bb3 b5 8. Bg5
Nbd7 9. O-O Bb7 10. Re1 Nc5 11. Bd5 Qc7 12. Bxb7 Qxb7 13. Bxf6 gxf6 14. b4 Na4
15. Nxa4 bxa4 16. c3 Qd7 17. Qf3 Rc8 18. Qxf6 Rg8 19. Rad1 Bg7 20. Qf3 Qc7 21.
Rd3 Qc4 22. a3 Qa2 23. Qg3 Bxd4 24. Qxg8+ Ke7 25. Qg5+ Bf6 26. Qg3 e5 27. Red1
Rc6 28. Qe3 Qc4 29. Qa7+ Ke6 30. Qb8 Be7 31. Qe8 Qxe4 32. f3 Qc4 33. f4 Rc8 34.
Rxd6+ 1-0

[Event "Barbera del Valles"]
[Site "XXX Open"]
[Date "2007.07.09"]
[Round "4"]
[White "Ridameya Tatche, Jose"]
[Black "Asis Gargatagli, Hipolit"]
[Result "0-1"]
[WhiteElo "2109"]
[BlackElo "2374"]
[PlyCount "44"]
[EventDate "2007.07.??"]
[EventType "swiss"]
[EventRounds "9"]
[EventCountry "ESP"]

1. d4 d5 2. Nf3 Nc6 3. c4 Bg4 4. cxd5 Bxf3 5. gxf3 Qxd5 6. e3 e5 7. Nc3 Bb4 8.
Bd2 Bxc3 9. bxc3 Qd6 10. f4 exf4 11. e4 Nge7 12. Rg1 Ng6 13. Rb1 O-O 14. Bg2
Rfe8 15. Kf1 Rad8 16. Rb2 Nxd4 17. cxd4 Qxd4 18. Qb3 Ne5 19. Rc2 Ng4 20. Qf3
Nxh2+ 21. Ke1 Nxf3+ 22. Bxf3 Qd3 0-1

[Event "Barbera del Valles"]
[Site "XXX Open"]
[Date "2007.07.09"]
[Round "4"]
[White "Fluvia, Jordi"]
[Black "Barbero Senidic, Alejandro"]
[Result "1-0"]
[WhiteElo "2497"]
[BlackElo "2163"]
[PlyCount "103"]
[EventDate "2007.07.??"]
[EventType "swiss"]
[EventRounds "9"]
[EventCountry "ESP"]

1. e4 e6 2. d4 d5 3. Nc3 Nf6 4. e5 Nfd7 5. f4 c5 6. Nf3 Nc6 7. Be3 a6 8. Qd2 b5
9. a3 g5 10. fxg5 cxd4 11. Nxd4 Ncxe5 12. Be2 Bg7 13. O-O O-O 14. Qe1 Ng6 15.
Rd1 Bb7 16. Bg4 Qe8 17. Nce2 Nde5 18. Bh5 Nc4 19. Bc1 Nd6 20. c3 e5 21. Nb3 Qd8
22. Ng3 Qc7 23. Be2 Nc4 24. Nh5 a5 25. Qf2 Nd6 26. Nc5 Bc6 27. h4 Ne8 28. Nf6+
Kh8 29. h5 Bxf6 30. gxf6 Nf4 31. Bxf4 exf4 32. Qxf4 Rg8 33. Rd4 Qxf4 34. Rfxf4
Nc7 35. Bg4 Rg5 36. Kf2 Rag8 37. b4 axb4 38. axb4 Ne8 39. Bf3 Nd6 40. Rd1 Ne4+
41. Bxe4 dxe4 42. g4 h6 43. Rd6 Ba8 44. Ke3 Rxg4 45. Rxg4 Rxg4 46. Rd8+ Rg8 47.
Rxg8+ Kxg8 48. Nxe4 Bc6 49. Nd6 Bd7 50. c4 bxc4 51. b5 c3 52. b6 1-0

[Event "Barbera del Valles"]
[Site "XXX Open"]
[Date "2007.07.09"]
[Round "4"]
[White "Canal Oliveras, Joan"]
[Black "Nadal Garcia, Lluis"]
[Result "1-0"]
[WhiteElo "2236"]
[BlackElo "2073"]
[PlyCount "28"]
[EventDate "2007.07.??"]
[EventType "swiss"]
[EventRounds "9"]
[EventCountry "ESP"]

1. e4 e6 2. d4 d5 3. Nc3 dxe4 4. Nxe4 Bd7 5. Nf3 Bc6 6. Bd3 Nd7 7. O-O Ngf6 8.
Neg5 Bxf3 9. Qxf3 c5 10. Re1 Be7 11. Bd2 h6 12. Nxe6 fxe6 13. Bg6+ Kf8 14. Qh3
Bd6 1-0

[Event "Barbera del Valles"]
[Site "XXX Open"]
[Date "2007.07.09"]
[Round "4"]
[White "Chalmeta Ugas, Ramon"]
[Black "Ryan, Joseph"]
[Result "0-1"]
[WhiteElo "2176"]
[BlackElo "2320"]
[PlyCount "106"]
[EventDate "2007.07.??"]
[EventType "swiss"]
[EventRounds "9"]
[EventCountry "ESP"]

1. e4 e6 2. d4 d5 3. Nd2 Nf6 4. e5 Nfd7 5. Bd3 c5 6. c3 Nc6 7. Ne2 cxd4 8. cxd4
a5 9. O-O Nb6 10. f4 g6 11. Nf3 h5 12. Bd2 Nb4 13. Bb1 Nc4 14. a3 Nc6 15. b3
Nxd2 16. Qxd2 Qb6 17. Qd3 Bd7 18. g3 Ne7 19. a4 Nf5 20. h3 Qa6 21. Qxa6 Rxa6
22. Bxf5 gxf5 23. Rfc1 Rb6 24. Rab1 Ba3 25. Rc2 Ke7 26. Kf2 Rc8 27. Ra2 Bb4 28.
Ne1 Kd8 29. Nd3 Be7 30. h4 Rbc6 31. Ke3 Rb8 32. Kd2 Rbc8 33. Rbb2 R8c7 34. Ra1
Kc8 35. Raa2 Kb8 36. Ra1 Ka7 37. Raa2 Rc8 38. Ra1 R6c7 39. Raa2 b6 40. Ra1 Ka6
41. Raa2 b5 42. axb5+ Bxb5 43. b4 a4 44. Nc5+ Kb6 45. Nc3 Ra7 46. Ra3 Rg8 47.
Rba2 Kc6 48. Kc2 Bc4 49. Ra1 Rxg3 50. Rxa4 Rg2+ 51. Kc1 Rg1+ 52. Nd1 Rxa4 53.
Rxa4 Bxc5 0-1

[Event "Barbera del Valles"]
[Site "XXX Open"]
[Date "2007.07.09"]
[Round "4"]
[White "Pena Riasco, Alexander"]
[Black "Losada Cabrera, Francisco Javier"]
[Result "1-0"]
[WhiteElo "2295"]
[BlackElo "2183"]
[PlyCount "79"]
[EventDate "2007.07.??"]
[EventType "swiss"]
[EventRounds "9"]
[EventCountry "ESP"]

1. d4 Nf6 2. c4 c5 3. d5 b5 4. f3 d6 5. e4 g6 6. cxb5 Bg7 7. Nc3 O-O 8. Be3
Nbd7 9. Nh3 a6 10. bxa6 Qa5 11. Nf2 Bxa6 12. Bxa6 Qxa6 13. Qe2 Nb6 14. Qxa6
Rxa6 15. Kd1 Nfd7 16. Kc2 Rfa8 17. Nfd1 Na4 18. a3 Ne5 19. Bd2 Nb6 20. Ne2 Rb8
21. Bc3 Nbc4 22. h3 Rab6 23. Ra2 f5 24. exf5 gxf5 25. Nf4 Nd7 26. Bxg7 Kxg7 27.
Re1 Kf7 28. Ne3 Nde5 29. Nxc4 Nxc4 30. Nd3 Rg8 31. g4 fxg4 32. hxg4 Rg5 33. Kc3
Na5 34. b4 Nb7 35. Rae2 Rxd5 36. Rxe7+ Kf6 37. f4 cxb4+ 38. Nxb4 Rc5+ 39. Kd4
Nd8 40. Nd5+ 1-0

[Event "Barbera del Valles"]
[Site "XXX Open"]
[Date "2007.07.09"]
[Round "4"]
[White "Burgos Figueroa, Carlos"]
[Black "Mohota, Swati"]
[Result "1-0"]
[WhiteElo "2237"]
[BlackElo "2121"]
[PlyCount "89"]
[EventDate "2007.07.??"]
[EventType "swiss"]
[EventRounds "9"]
[EventCountry "ESP"]

1. e4 c6 2. d4 d5 3. exd5 cxd5 4. Bd3 Nc6 5. c3 Nf6 6. f4 g6 7. Nf3 Bg7 8. O-O
O-O 9. Nbd2 Qc7 10. Ne5 Nd7 11. Qe1 Ndxe5 12. fxe5 f6 13. exf6 exf6 14. Nf3 Bd7
15. Qh4 Rae8 16. Bd2 Ne7 17. Rae1 Nf5 18. Qf2 Nd6 19. Bf4 Qc6 20. Bxd6 Qxd6 21.
Qc2 Rxe1 22. Rxe1 Re8 23. Rxe8+ Bxe8 24. Qb3 Bc6 25. Bb5 Bh6 26. Bxc6 Be3+ 27.
Kh1 Qxc6 28. c4 Bf4 29. c5 b6 30. g3 Bc7 31. Qc3 bxc5 32. Qxc5 Qxc5 33. dxc5
Kf7 34. b4 Ke6 35. Kg2 Kd7 36. Kf2 Be5 37. Ke3 a6 38. Kd3 Kc6 39. Nd4+ Kc7 40.
a4 h5 41. b5 axb5 42. axb5 g5 43. Nc2 h4 44. gxh4 gxh4 45. h3 1-0

[Event "Barbera del Valles"]
[Site "XXX Open"]
[Date "2007.07.09"]
[Round "4"]
[White "Cuartas, Jorge Humberto"]
[Black "Chamba, Antoine"]
[Result "1/2-1/2"]
[WhiteElo "2236"]
[BlackElo "2091"]
[PlyCount "154"]
[EventDate "2007.07.??"]
[EventType "swiss"]
[EventRounds "9"]
[EventCountry "ESP"]

1. e4 e5 2. Nf3 Nc6 3. Bb5 a6 4. Ba4 Nf6 5. O-O Be7 6. Re1 b5 7. Bb3 O-O 8. h3
Bb7 9. c3 d5 10. d4 Nxe4 11. dxe5 Na5 12. Bc2 Bc5 13. Nd4 Nc6 14. f3 Ng5 15.
Be3 Ne6 16. f4 Qh4 17. Rf1 Ba7 18. Kh2 Ncxd4 19. cxd4 c5 20. dxc5 Bxc5 21. Bxc5
Nxc5 22. Nd2 Rfd8 23. Nb3 Ne4 24. Qe1 Qe7 25. Nd4 Rac8 26. Bd3 g6 27. Rd1 f6
28. Qh4 Re8 29. Bxe4 dxe4 30. exf6 Qf7 31. f5 e3 32. fxg6 hxg6 33. Rde1 Re4 34.
Rf4 Rce8 35. Nf3 Rxf4 36. Qxf4 Bxf3 37. Qxf3 Re6 38. b3 Qc7+ 39. Qg3 Qf7 40.
Qf4 e2 41. Qf3 Qc7+ 42. Kg1 Kf7 43. Rxe2 Rxe2 44. Qxe2 Kxf6 45. Qd2 Qc6 46. Kf2
Kg7 47. Ke3 Kh7 48. Kf4 Qf6+ 49. Kg4 Qf5+ 50. Kg3 Qe5+ 51. Kf2 Qf5+ 52. Kg1 Qe6
53. Qf2 Kg7 54. Qa7+ Kh6 55. Qf2 Kh7 56. g4 Qd6 57. Kg2 Qc6+ 58. Kg3 Qe6 59. h4
Qd6+ 60. Kh3 Qd3+ 61. Kg2 Qe4+ 62. Kg3 Qe5+ 63. Kh3 Qe6 64. Qd2 Qc6 65. h5 gxh5
66. gxh5 Qf3+ 67. Kh4 Qe4+ 68. Kg3 Qe5+ 69. Kg4 Qe6+ 70. Kf3 Qf5+ 71. Ke3 Qg5+
72. Kd3 Qxh5 73. Qe2 Qd5+ 74. Kc3 Qc5+ 75. Kd2 Kg7 76. Qf1 Qd6+ 77. Qd3 Qa3
1/2-1/2

[Event "Barbera del Valles"]
[Site "XXX Open"]
[Date "2007.07.09"]
[Round "4"]
[White "Bautista Sanchez, Juan"]
[Black "Castro Exposito, Cristobal"]
[Result "1-0"]
[WhiteElo "2233"]
[BlackElo "1916"]
[PlyCount "87"]
[EventDate "2007.07.??"]
[EventType "swiss"]
[EventRounds "9"]
[EventCountry "ESP"]

1. c4 Nf6 2. Nf3 e6 3. Nc3 d5 4. e3 Be7 5. b3 O-O 6. Bb2 c5 7. cxd5 exd5 8. d4
Re8 9. Be2 Nc6 10. O-O h6 11. dxc5 Bxc5 12. Rc1 Bd6 13. Nb5 Bb8 14. Bxf6 gxf6
15. Nc3 Be6 16. Qd2 Qd6 17. Rfd1 Rd8 18. g3 Kh7 19. Nb5 Qe7 20. Nbd4 Ne5 21.
Qc2+ Kg7 22. Nf5+ Bxf5 23. Qxf5 Qe6 24. Nd4 Qe7 25. Qh5 Kh7 26. Qxh6+ Kxh6 27.
Nf5+ Kh7 28. Nxe7 Bd6 29. Nxd5 Kg7 30. Nf4 Kf8 31. Rc2 Ng6 32. Nd5 Kg7 33. Rcd2
f5 34. Bf3 Ne5 35. Kg2 Rh8 36. h4 Bc5 37. Nf4 Bb4 38. Rd5 Bc3 39. Rc5 Bb2 40.
Rb1 Nxf3 41. Kxf3 Ba3 42. Rxf5 Rac8 43. Rd1 Rc7 44. Rg5+ 1-0

[Event "Barbera del Valles"]
[Site "XXX Open"]
[Date "2007.07.09"]
[Round "4"]
[White "Costa Trave, Jaume"]
[Black "Torner Planell, Jordi"]
[Result "0-1"]
[WhiteElo "2013"]
[BlackElo "1977"]
[PlyCount "148"]
[EventDate "2007.07.??"]
[EventType "swiss"]
[EventRounds "9"]
[EventCountry "ESP"]

1. d4 d5 2. Nc3 e6 3. Bf4 f5 4. f3 Nf6 5. Qd3 Nc6 6. a3 a6 7. e3 Bd6 8. Bg5 Be7
9. Nge2 Nd7 10. Bf4 Bg5 11. e4 fxe4 12. fxe4 Nb6 13. e5 Bd7 14. h4 Bxf4 15.
Nxf4 Qe7 16. Qe3 O-O-O 17. O-O-O Na5 18. Nb1 Nac4 19. Bxc4 Nxc4 20. Qh3 Rhf8
21. Nd3 b6 22. Nd2 Bb5 23. Rhf1 Kb7 24. Rf3 Rxf3 25. Nxf3 Rf8 26. Ng5 Bd7 27.
Re1 h6 28. Nf3 Be8 29. Nd2 Nxd2 30. Kxd2 g5 31. hxg5 Qxg5+ 32. Kc3 Bg6 33. Qe3
Qxg2 34. Rg1 Qe4 35. Qxh6 Rg8 36. Rg5 Bh7 37. Rh5 Bf5 38. Rg5 Qe3 39. Rh5 Qe4
40. Rh2 Rg4 41. Qh3 Qxd4+ 42. Kd2 Re4 43. Qg3 Rg4 44. Qf2 Qc4 45. b3 Qe4 46. a4
Rg7 47. a5 Qg4 48. axb6 cxb6 49. Rh4 Qg2 50. Rf4 Qxf2+ 51. Nxf2 Rg2 52. c3 Kc6
53. Ke3 Rg3+ 54. Kd2 a5 55. Nd1 Rg2+ 56. Nf2 b5 57. Ke3 Rg3+ 58. Kd2 Kc5 59.
b4+ Kb6 60. bxa5+ Kxa5 61. Rd4 Kb6 62. Rf4 Kc6 63. Nd1 Rd3+ 64. Ke2 Rh3 65. Kd2
Rh2+ 66. Nf2 Rh8 67. Ke3 Ra8 68. Rb4 Ra4 69. Nd1 Kc5 70. Rf4 Rxf4 71. Kxf4 d4
72. cxd4+ Kxd4 73. Ne3 Bh3 74. Nc2+ Kc3 0-1

[Event "Barbera del Valles"]
[Site "XXX Open"]
[Date "2007.07.09"]
[Round "4"]
[White "Del Valle Cirera, Adria"]
[Black "Ortega Serra, Marc"]
[Result "1/2-1/2"]
[WhiteElo "2072"]
[BlackElo "1933"]
[PlyCount "72"]
[EventDate "2007.07.??"]
[EventType "swiss"]
[EventRounds "9"]
[EventCountry "ESP"]

1. e4 d5 2. exd5 Nf6 3. Bb5+ Bd7 4. Be2 Bf5 5. Nf3 Nxd5 6. d4 e6 7. a3 Be7 8.
c4 Nb6 9. Nc3 O-O 10. O-O Nc6 11. Be3 Bf6 12. Rc1 a5 13. b3 Qe7 14. Nb5 Rfd8
15. Qd2 Rd7 16. Rfd1 Bg6 17. Bd3 Bxd3 18. Qxd3 Rad8 19. Qc2 Qf8 20. Bg5 Bxg5
21. Nxg5 g6 22. Nf3 Qg7 23. Re1 Nc8 24. d5 exd5 25. cxd5 Rxd5 26. Nxc7 R5d7 27.
Re8+ Rxe8 28. Nxe8 Qh8 29. b4 axb4 30. axb4 Re7 31. b5 Rxe8 32. bxc6 bxc6 33.
Qxc6 Kg7 34. Qc3+ f6 35. Nd4 Qf8 36. Qc7+ Qf7 1/2-1/2

[Event "Barbera del Valles"]
[Site "XXX Open"]
[Date "2007.07.09"]
[Round "4"]
[White "Benedic, Patrick"]
[Black "Penas Hernandez, Yolanda"]
[Result "1-0"]
[WhiteElo "2053"]
[BlackElo "2034"]
[PlyCount "53"]
[EventDate "2007.07.??"]
[EventType "swiss"]
[EventRounds "9"]
[EventCountry "ESP"]

1. e4 e5 2. Nf3 Nc6 3. Nc3 Nf6 4. Bb5 Bc5 5. O-O d6 6. d4 exd4 7. Nxd4 Bd7 8.
Nxc6 bxc6 9. Bd3 O-O 10. Na4 Bb6 11. Nxb6 cxb6 12. b3 Re8 13. Re1 Ng4 14. h3
Ne5 15. Bb2 Qg5 16. Re3 Re6 17. Rg3 Qh4 18. Qd2 Rae8 19. Qe3 f6 20. f4 Nxd3 21.
cxd3 Bc8 22. f5 Re5 23. Bxe5 Rxe5 24. Rg4 Qh5 25. Qg3 Qh6 26. d4 Re8 27. Qxd6
1-0

[Event "Barbera del Valles"]
[Site "XXX Open"]
[Date "2007.07.06"]
[Round "1"]
[White "Bautista Sanchez, Juan"]
[Black "Nijboer, Friso"]
[Result "0-1"]
[WhiteElo "2223"]
[BlackElo "2568"]
[PlyCount "50"]
[EventDate "2007.07.??"]
[EventType "swiss"]
[EventRounds "9"]
[EventCountry "ESP"]

1. c4 f5 2. Nf3 Nf6 3. Nc3 g6 4. g3 Bg7 5. Bg2 O-O 6. O-O d6 7. d3 e5 8. Rb1 h6
9. b4 Nc6 10. b5 Ne7 11. a4 Be6 12. Qc2 Rc8 13. a5 b6 14. axb6 axb6 15. Ra1 g5
16. Ra7 Qe8 17. Ba3 f4 18. Ne4 Nxe4 19. dxe4 Ng6 20. Bb4 g4 21. Nd2 h5 22. Qd3
h4 23. Qa3 Bh6 24. Ra1 Qf7 25. Bxd6 fxg3 0-1

[Event "Barbera del Valles"]
[Site "XXX Open"]
[Date "2007.07.10"]
[Round "5"]
[White "Alonso Rosell, Alvar"]
[Black "Perpinya Rofes, Lluis Maria"]
[Result "0-1"]
[WhiteElo "2285"]
[BlackElo "2400"]
[PlyCount "68"]
[EventDate "2007.07.??"]
[EventType "swiss"]
[EventRounds "9"]
[EventCountry "ESP"]

1. d4 Nf6 2. c4 g6 3. Nc3 Bg7 4. e4 d6 5. f4 c5 6. d5 O-O 7. Nf3 e6 8. dxe6
fxe6 9. Bd3 Nc6 10. O-O Nd4 11. Nxd4 cxd4 12. Nb5 e5 13. Qb3 Be6 14. Qb4 Ne8
15. Bd2 a6 16. Na3 Rb8 17. c5 dxc5 18. Qxc5 Rc8 19. Qb4 Nd6 20. Rac1 Rxc1 21.
Bxc1 b5 22. Qc5 Qd7 23. fxe5 Nf7 24. Bf4 Rc8 25. Qb6 Rc6 26. Qb8+ Rc8 27. Qb6
Bxe5 28. Bd2 Rc6 29. Qa5 Bc7 30. Qb4 Bd6 31. Qa5 Ne5 32. Bb1 Bc4 33. Re1 Bc7
34. Qb4 a5 0-1

[Event "Barbera del Valles"]
[Site "XXX Open"]
[Date "2007.07.10"]
[Round "5"]
[White "Teske, Henrik"]
[Black "Jankovic, Alojzije"]
[Result "1/2-1/2"]
[WhiteElo "2578"]
[BlackElo "2536"]
[PlyCount "29"]
[EventDate "2007.07.??"]
[EventType "swiss"]
[EventRounds "9"]
[EventCountry "ESP"]

1. d4 Nf6 2. c4 g6 3. g3 d5 4. cxd5 Nxd5 5. Bg2 Bg7 6. Nc3 Nb6 7. Nf3 Nc6 8. e3
O-O 9. O-O Re8 10. d5 Na5 11. Nd4 Bd7 12. b3 Rc8 13. Bb2 c6 14. dxc6 Nxc6 15.
Nxc6 1/2-1/2

[Event "Barbera del Valles"]
[Site "XXX Open"]
[Date "2007.07.10"]
[Round "5"]
[White "Gonzalez Vidal, Yuri"]
[Black "Nijboer, Friso"]
[Result "1/2-1/2"]
[WhiteElo "2475"]
[BlackElo "2568"]
[PlyCount "85"]
[EventDate "2007.07.??"]
[EventType "swiss"]
[EventRounds "9"]
[EventCountry "ESP"]

1. e4 c5 2. Nf3 Nc6 3. Bb5 e6 4. Bxc6 bxc6 5. d3 Ne7 6. h4 f6 7. Be3 d6 8. c3
Bd7 9. h5 Nc8 10. d4 cxd4 11. cxd4 Be7 12. Nc3 Rb8 13. Qc2 O-O 14. e5 fxe5 15.
dxe5 d5 16. h6 g6 17. Ne2 Rb4 18. b3 Rg4 19. Kf1 c5 20. Bxc5 Bb5 21. Nfd4 Bxc5
22. Qxc5 Bxe2+ 23. Nxe2 Qg5 24. g3 Qxe5 25. Rc1 Nd6 26. f4 Qe4 27. Qxd6 Qxh1+
28. Kf2 Qh2+ 29. Kf3 Rfxf4+ 30. gxf4 Qh3+ 31. Kf2 Rg2+ 32. Ke1 Qh1+ 33. Kd2
Rxe2+ 34. Kxe2 Qxc1 35. Qxe6+ Kf8 36. Qf6+ Ke8 37. Qe5+ Kd7 38. Qxd5+ Ke7 39.
Qe5+ Kf7 40. Qg7+ Ke6 41. Qe5+ Kf7 42. Qd5+ Kf6 43. Qe5+ 1/2-1/2

[Event "Barbera del Valles"]
[Site "XXX Open"]
[Date "2007.07.10"]
[Round "5"]
[White "Perez Mitjans, Orelvis"]
[Black "Cuartas, Jaime Alexander"]
[Result "1/2-1/2"]
[WhiteElo "2412"]
[BlackElo "2504"]
[PlyCount "94"]
[EventDate "2007.07.??"]
[EventType "swiss"]
[EventRounds "9"]
[EventCountry "ESP"]

1. e4 c6 2. c4 e5 3. Nf3 Nf6 4. Nc3 Bb4 5. Be2 d6 6. Qc2 Bg4 7. a3 Ba5 8. O-O
O-O 9. d3 Nbd7 10. h3 Bxf3 11. Bxf3 Bb6 12. b4 a5 13. Rb1 axb4 14. axb4 Re8 15.
b5 Nf8 16. bxc6 bxc6 17. Ne2 Ne6 18. Be3 Bc5 19. Rfd1 Qe7 20. d4 exd4 21. Nxd4
Bxd4 22. Bxd4 Ng5 23. c5 Nxf3+ 24. gxf3 Nh5 25. Be3 dxc5 26. Qxc5 Qxc5 27. Bxc5
Red8 28. Rxd8+ Rxd8 29. Rb7 Rc8 30. Bd6 g6 31. Kf1 c5 32. Ke2 c4 33. Kd2 Rd8
34. Rb8 Rxb8 35. Bxb8 f6 36. Kc3 Kf7 37. Kxc4 Ke6 38. Kd4 Ng7 39. Ke3 Nh5 40.
Bh2 Kf7 41. Bc7 Ke6 42. f4 Ng7 43. Bb6 Nh5 44. Bd4 Kf7 45. Ba7 Ke6 46. Bb8 Ng7
47. Kf3 f5 1/2-1/2

[Event "Barbera del Valles"]
[Site "XXX Open"]
[Date "2007.07.10"]
[Round "5"]
[White "Almeida Quintana, Omar"]
[Black "Aloma Vidal, Robert"]
[Result "1-0"]
[WhiteElo "2501"]
[BlackElo "2341"]
[PlyCount "115"]
[EventDate "2007.07.??"]
[EventType "swiss"]
[EventRounds "9"]
[EventCountry "ESP"]

1. d4 Nf6 2. Nf3 e6 3. c4 c5 4. d5 b5 5. Bg5 exd5 6. cxd5 d6 7. e4 a6 8. Bd3
Be7 9. Bf4 Bg4 10. O-O O-O 11. h3 Bh5 12. Nbd2 Nbd7 13. Re1 Ne8 14. g4 Bg6 15.
Nf1 Bf6 16. Rb1 Be5 17. Bg5 Nef6 18. Nxe5 dxe5 19. Ng3 h6 20. Be3 Ne8 21. Kh2
Nd6 22. Nf5 Bxf5 23. gxf5 Kh7 24. Rg1 Rg8 25. Qh5 Nf6 26. Qh4 c4 27. Bc2 b4 28.
Rg2 Nd7 29. Rxg7+ Rxg7 30. Qxh6+ Kg8 31. Qxd6 b3 32. axb3 cxb3 33. Bd3 a5 34.
Rc1 a4 35. Rc7 f6 36. Bb5 a3 37. bxa3 b2 38. Bd3 Nf8 39. Rxg7+ Kxg7 40. Qb4 Rb8
41. Bb5 Nh7 42. Qxb2 Qa5 43. a4 Qxa4 44. Bxa4 Rxb2 45. d6 Kf7 46. h4 Nf8 47. d7
Rb8 48. Bc5 Kg7 49. Kg3 Kh6 50. Be7 Nxd7 51. Bxd7 Rb7 52. Bf8+ Kh7 53. Be6 Rb8
54. Be7 Kg7 55. h5 Rb7 56. h6+ Kxh6 57. Bxf6 Rb5 58. Bd5 1-0

[Event "Barbera del Valles"]
[Site "XXX Open"]
[Date "2007.07.10"]
[Round "5"]
[White "Asis Gargatagli, Hipolit"]
[Black "Corrales Jimenez, Fidel"]
[Result "1-0"]
[WhiteElo "2374"]
[BlackElo "2499"]
[PlyCount "81"]
[EventDate "2007.07.??"]
[EventType "swiss"]
[EventRounds "9"]
[EventCountry "ESP"]

1. d4 Nf6 2. c4 e6 3. Nc3 Bb4 4. e3 O-O 5. Nge2 d5 6. a3 Be7 7. cxd5 exd5 8. b4
c6 9. Ng3 b5 10. Bd2 Nbd7 11. a4 Bxb4 12. axb5 c5 13. Bd3 c4 14. Bc2 Nb6 15.
O-O Re8 16. h3 g6 17. Qf3 Bb7 18. Rfb1 Bxc3 19. Bxc3 Ne4 20. Be1 Re6 21. Nxe4
dxe4 22. Qe2 Qd5 23. Ra5 f5 24. Rba1 Rf8 25. Rxa7 f4 26. Qg4 h5 27. Qh4 f3 28.
g3 Rf7 29. Bb4 Kg7 30. Bc5 Kh6 31. g4 Nd7 32. Qd8 Kg7 33. Rxb7 Qxb7 34. Ra8
Qxa8 35. Qxa8 hxg4 36. hxg4 Nf6 37. b6 g5 38. b7 Nd7 39. b8=Q Nxb8 40. Qxb8 Ra6
41. Qe5+ 1-0

[Event "Barbera del Valles"]
[Site "XXX Open"]
[Date "2007.07.10"]
[Round "5"]
[White "Jovanic, Ognjen"]
[Black "Almeida Toledano, Daniel"]
[Result "1-0"]
[WhiteElo "2491"]
[BlackElo "2254"]
[PlyCount "69"]
[EventDate "2007.07.??"]
[EventType "swiss"]
[EventRounds "9"]
[EventCountry "ESP"]

1. d4 d5 2. c4 c6 3. Nf3 Nf6 4. e3 e6 5. Bd3 a6 6. O-O Nbd7 7. Nbd2 c5 8. cxd5
Nxd5 9. e4 Nb4 10. Bb1 cxd4 11. Nxd4 Ne5 12. N2b3 Nbc6 13. Be3 Be7 14. Qe2 O-O
15. f4 Nxd4 16. Nxd4 Bc5 17. Rd1 Nc6 18. Nc2 Qe7 19. Bxc5 Qxc5+ 20. Qf2 b6 21.
Qxc5 bxc5 22. Ne3 Bb7 23. e5 Nd4 24. Bd3 Bd5 25. Nxd5 exd5 26. Rac1 Rfc8 27. b4
cxb4 28. Rxc8+ Rxc8 29. Bxa6 Ra8 30. Rxd4 Rxa6 31. Rxb4 g5 32. f5 Rxa2 33. f6
h6 34. Rb8+ Kh7 35. e6 1-0

[Event "Barbera del Valles"]
[Site "XXX Open"]
[Date "2007.07.10"]
[Round "5"]
[White "Camarena Gimenez, Rufino"]
[Black "Canal Oliveras, Joan"]
[Result "1-0"]
[WhiteElo "2332"]
[BlackElo "2236"]
[PlyCount "75"]
[EventDate "2007.07.??"]
[EventType "swiss"]
[EventRounds "9"]
[EventCountry "ESP"]

1. d4 d6 2. c4 e5 3. Nf3 Nd7 4. e4 Ngf6 5. Nc3 Be7 6. Be2 c6 7. O-O Qc7 8. d5
c5 9. Ne1 O-O 10. g3 Re8 11. f4 Bf8 12. f5 h6 13. g4 Nh7 14. h4 Be7 15. Nf3 f6
16. Be3 a6 17. Kf2 b5 18. Rh1 bxc4 19. Nd2 Nb6 20. a4 Bd7 21. Qg1 Rf8 22. Nf3
Qd8 23. Qh2 Rb8 24. Rag1 Nxa4 25. Nxa4 Bxa4 26. g5 Kh8 27. g6 Rxb2 28. gxh7 Rf7
29. Bxh6 Bf8 30. Bc1 Ra2 31. h5 c3 32. Nh4 Bb5 33. Ng6+ Kxh7 34. Re1 Bxe2 35.
Rxe2 Rxe2+ 36. Kxe2 Qa5 37. Kf3 Qb5 38. h6 1-0

[Event "Barbera del Valles"]
[Site "XXX Open"]
[Date "2007.07.10"]
[Round "5"]
[White "Narciso Dublan, Marc"]
[Black "Fluvia, Jordi"]
[Result "1/2-1/2"]
[WhiteElo "2552"]
[BlackElo "2497"]
[PlyCount "71"]
[EventDate "2007.07.??"]
[EventType "swiss"]
[EventRounds "9"]
[EventCountry "ESP"]

1. d4 Nf6 2. c4 g6 3. Nc3 Bg7 4. e4 d6 5. f3 Nbd7 6. Be3 O-O 7. Nh3 c5 8. d5 a6
9. a4 Ne5 10. Nf2 Bd7 11. Be2 h5 12. h3 Qb6 13. f4 Qxb2 14. Bd2 Nxc4 15. Bxc4
Nxd5 16. Bxd5 Bxc3 17. Ra2 Bxd2+ 18. Qxd2 Qxd2+ 19. Kxd2 e6 20. Bxb7 Ra7 21.
Rb1 Rb8 22. Rab2 Bxa4 23. e5 d5 24. Nd3 c4 25. Nc5 Bb3 26. Bc6 Rc7 27. Nxa6 c3+
28. Ke1 Rb6 29. Nxc7 cxb2 30. Rxb2 Rxc6 31. Nxe6 Rxe6 32. Rxb3 f6 33. Rd3 fxe5
34. Rxd5 exf4+ 35. Kf2 Re3 36. Rd4 1/2-1/2

[Event "Barbera del Valles"]
[Site "XXX Open"]
[Date "2007.07.10"]
[Round "5"]
[White "Pakleza, Zbigniew"]
[Black "Asensio Linan, Teodoro"]
[Result "1-0"]
[WhiteElo "2463"]
[BlackElo "2275"]
[PlyCount "73"]
[EventDate "2007.07.??"]
[EventType "swiss"]
[EventRounds "9"]
[EventCountry "ESP"]

1. Nf3 Nf6 2. d4 e6 3. c4 c5 4. d5 exd5 5. cxd5 d6 6. Nc3 g6 7. Bf4 Bg7 8. Qa4+
Bd7 9. Qb3 Qc7 10. Nd2 O-O 11. Nc4 Ne8 12. e4 Na6 13. Be2 f5 14. e5 b5 15. Nxb5
Bxb5 16. Qxb5 dxe5 17. d6 Qd8 18. Nxe5 Nb4 19. Qxc5 g5 20. Bd2 Nc2+ 21. Qxc2
Bxe5 22. Qb3+ Kh8 23. Qd5 Bxb2 24. Rb1 Bg7 25. Ba5 Nf6 26. Bxd8 Nxd5 27. Bxg5
Nc3 28. Rb7 Ne4 29. Be7 Bc3+ 30. Kd1 Rf7 31. Kc2 Ba5 32. Rb5 Rc8+ 33. Kb3 Bb6
34. Bh5 Nd2+ 35. Ka4 Rc4+ 36. Rb4 Rc5 37. Rxb6 1-0

[Event "Barbera del Valles"]
[Site "XXX Open"]
[Date "2007.07.10"]
[Round "5"]
[White "Vehi Bach, Victor"]
[Black "Mestre Bellido, Hector"]
[Result "1-0"]
[WhiteElo "2388"]
[BlackElo "2370"]
[PlyCount "120"]
[EventDate "2007.07.??"]
[EventType "swiss"]
[EventRounds "9"]
[EventCountry "ESP"]

1. e4 e5 2. Nf3 Nc6 3. Nc3 Nf6 4. Bb5 Bb4 5. O-O d6 6. d3 h6 7. Ne2 O-O 8. c3
Ba5 9. Ng3 Ne7 10. h3 Ng6 11. d4 a6 12. Bd3 Re8 13. Re1 Bb6 14. Bc2 Bd7 15. a4
Nh7 16. Be3 Ng5 17. Nxg5 hxg5 18. Nf5 Ba7 19. Qg4 f6 20. Bb3+ Be6 21. Bxe6+
Rxe6 22. Nh6+ gxh6 23. Qxe6+ Kg7 24. dxe5 fxe5 25. Bxa7 Rxa7 26. Rad1 Ra8 27.
g3 Nf8 28. Qg4 Ng6 29. Qe6 Nf8 30. Qd5 Rb8 31. Kg2 Ng6 32. a5 Qf6 33. Rd2 Ne7
34. Qd3 Rf8 35. Re3 Qe6 36. Rf3 Rg8 37. Rd1 h5 38. Rh1 Kh7 39. c4 Rg7 40. b4
Nc6 41. Qd5 Qg6 42. Rd1 Nxb4 43. Qxb7 Nc2 44. Qa8 Rg8 45. Qd5 Rg7 46. Rf5 h4
47. g4 Nb4 48. Qa8 Qe6 49. Rf8 Qxc4 50. Qe8 Rg8 51. Rxg8 Qxg8 52. Qh5+ Kg7 53.
Qxg5+ Kf7 54. Qd2 Qb8 55. Rb1 c5 56. Rb3 Qb7 57. Qxd6 Qxe4+ 58. Rf3+ Ke8 59.
Qf8+ Kd7 60. Kh2 Kc6 1-0